Devadasi system in medieval Tamil Nadu / (Record no. 19758)
[ view plain ]
| 000 -LEADER | |
|---|---|
| fixed length control field | 01180nam a2200337 a 4500 |
| 001 - CONTROL NUMBER | |
| control field | 649457 |
| 003 - CONTROL NUMBER IDENTIFIER | |
| control field | BDDh-ASL |
| 005 - DATE AND TIME OF LATEST TRANSACTION | |
| control field | 20231015025813.0 |
| 008 - FIXED-LENGTH DATA ELEMENTS--GENERAL INFORMATION | |
| fixed length control field | 940128s1993 ii a b 001 0 eng |
| 010 ## - LIBRARY OF CONGRESS CONTROL NUMBER | |
| LC control number | 93907868 |
| 020 ## - INTERNATIONAL STANDARD BOOK NUMBER | |
| International Standard Book Number | 8185381321 : |
| Terms of availability | Rs300.00 |
| 025 ## - OVERSEAS ACQUISITION NUMBER | |
| Overseas acquisition number | I-E-72451 |
| 040 ## - CATALOGING SOURCE | |
| Original cataloging agency | DLC |
| Transcribing agency | DLC |
| Modifying agency | BDDh-ASL |
| 042 ## - AUTHENTICATION CODE | |
| Authentication code | lcode |
| 043 ## - GEOGRAPHIC AREA CODE | |
| Geographic area code | a-ii--- |
| 050 00 - LIBRARY OF CONGRESS CALL NUMBER | |
| Classification number | BL1237.58.D48 |
| Item number | S23 1993 |
| 082 00 - DEWEY DECIMAL CLASSIFICATION NUMBER | |
| Classification number | 294.565 |
| Edition number | 20 |
| Item number | SAD |
| 100 1# - MAIN ENTRY--PERSONAL NAME | |
| Personal name | Sadasivan, K., |
| Dates associated with a name | 1947- |
| 245 10 - TITLE STATEMENT | |
| Title | Devadasi system in medieval Tamil Nadu / |
| Statement of responsibility, etc. | K. Sadasivan. |
| 260 ## - PUBLICATION, DISTRIBUTION, ETC. | |
| Place of publication, distribution, etc. | Trivandrum : |
| Name of publisher, distributor, etc. | CBH Publications, |
| Date of publication, distribution, etc. | c1993. |
| 300 ## - PHYSICAL DESCRIPTION | |
| Extent | 7, 232 p. : |
| Other physical details | ill. ; |
| Dimensions | 23 cm. |
| 500 ## - GENERAL NOTE | |
| General note | Appendices in English and Tamil (Tamil in roman). |
| 500 ## - GENERAL NOTE | |
| General note | Originally presented as the author's thesis (Ph. D.--Madurai Kamaraj University, 1988). |
| 504 ## - BIBLIOGRAPHY, ETC. NOTE | |
| Bibliography, etc. note | Includes bibliographical references (p. [181]-194) and index. |
| 520 ## - SUMMARY, ETC. | |
| Summary, etc. | Study covers the period 300 B.C.-1800 A.D. |
| 650 #0 - SUBJECT ADDED ENTRY--TOPICAL TERM | |
| Topical term or geographic name entry element | Devadāsīs |
| Geographic subdivision | India |
| -- | Tamil Nadu. |
| 651 #0 - SUBJECT ADDED ENTRY--GEOGRAPHIC NAME | |
| Geographic name | Tamil Nadu (India) |
| General subdivision | Religious life and customs. |
| 906 ## - LOCAL DATA ELEMENT F, LDF (RLIN) | |
| a | 7 |
| b | cbc |
| c | origode |
| d | 2 |
| e | ncip |
| f | 19 |
| g | y-gencatlg |
| 942 ## - ADDED ENTRY ELEMENTS (KOHA) | |
| Source of classification or shelving scheme | Dewey Decimal Classification |
| Koha item type | Books |
| Withdrawn status | Lost status | Source of classification or shelving scheme | Damaged status | Not for loan | Collection code | Home library | Current library | Shelving location | Date acquired | Source of acquisition | Total Checkouts | Full call number | Barcode | Date last seen | Copy number | Price effective from | Koha item type | Public note |
|---|---|---|---|---|---|---|---|---|---|---|---|---|---|---|---|---|---|---|
| Dewey Decimal Classification | Not For Loan | Non-fiction | Asiatic Society Library | Asiatic Society Library | Ludden Collection | 12/16/2020 | Donated by Prof. David Ludden | 294.565 SAD | 103139 | 12/16/2020 | C-1 | 12/16/2020 | Books | RARE |